00746nam a2200157 i 4500001000700000003000900007005001700016008004100033245016600074260005300240300002200293530003500315600010300350852004600453856008900499181248ES-MaACL20250713041043.0121108s1905 ho |||| |dspa d00aEn honor de Cervantes b: fiestas celebradas en Honduras con motivo del tercer centenario de la publicación de "El ingenioso hidalgo Don Quijote de la Mancha". aTegucigalpa : b[s.n.], c1905 (fTip. Nacional) a187 p. ; c28 cm. aDisponible en formato digital.14aCervantes Saavedra, Miguel de,d1547-1616. tDon Quijote de la Mancha-vAniversarios y centenarios aES-MaACLjT-1082-F-5 z.- Legado Honduras uhttp://bdh-rd.bne.es/viewer.vm?id=0000086535&page=1 zBiblioteca Digital Hispánica